<?xml version="1.0" encoding="UTF-8"?>
<record
    xmlns:xsi="http://www.w3.org/2001/XMLSchema-instance"
    xsi:schemaLocation="http://www.loc.gov/MARC21/slim http://www.loc.gov/standards/marcxml/schema/MARC21slim.xsd"
    xmlns="http://www.loc.gov/MARC21/slim">

  <leader>00958cam a2200241 a 4500</leader>
  <controlfield tag="001">000005772</controlfield>
  <controlfield tag="005">20200929151758.0</controlfield>
  <controlfield tag="008">830414s1979    uy       b   f001 p spa  </controlfield>
  <datafield tag="040" ind1=" " ind2=" ">
    <subfield code="a">DO-SdBNP</subfield>
    <subfield code="c">DLC</subfield>
    <subfield code="d">DLC</subfield>
  </datafield>
  <datafield tag="082" ind1=" " ind2=" ">
    <subfield code="a">U861.2</subfield>
    <subfield code="b">Z88l</subfield>
  </datafield>
  <datafield tag="100" ind1="1" ind2=" ">
    <subfield code="a">Zorrilla de San Mart&#xED;n, Juan,</subfield>
    <subfield code="d">1855-1931.</subfield>
    <subfield code="9">3845</subfield>
  </datafield>
  <datafield tag="245" ind1="1" ind2="3">
    <subfield code="a">La leyenda patria /</subfield>
    <subfield code="c">Juan Zorrilla de San Mart&#xED;n ; introducci&#xF3;n de Arturo Sergio Visca ; estudio cr&#xED;tico de Eustaquio Tome.</subfield>
  </datafield>
  <datafield tag="260" ind1=" " ind2=" ">
    <subfield code="a">Montevideo, Uruguay :</subfield>
    <subfield code="b">Ministerio de Educaci&#xF3;n y Cultura,</subfield>
    <subfield code="c">1979.</subfield>
  </datafield>
  <datafield tag="300" ind1=" " ind2=" ">
    <subfield code="a">xiv, 106 p. ;</subfield>
    <subfield code="c">20 cm.</subfield>
  </datafield>
  <datafield tag="490" ind1="1" ind2=" ">
    <subfield code="a">Biblioteca Artigas.</subfield>
  </datafield>
  <datafield tag="490" ind1="1" ind2=" ">
    <subfield code="a">Cl&#xE1;sicos uruguayos</subfield>
    <subfield code="v">164.</subfield>
  </datafield>
  <datafield tag="650" ind1=" " ind2="4">
    <subfield code="a">Poes&#xED;a uruguaya</subfield>
    <subfield code="y">SIGLO XVIII</subfield>
    <subfield code="9">16340</subfield>
  </datafield>
  <datafield tag="650" ind1=" " ind2="4">
    <subfield code="a">Literatura uruguaya</subfield>
    <subfield code="y">SIGLO XVIII</subfield>
    <subfield code="9">16341</subfield>
  </datafield>
  <datafield tag="700" ind1="1" ind2=" ">
    <subfield code="a">Visca, Arturo Sergio,</subfield>
    <subfield code="e">introd.</subfield>
    <subfield code="9">16277</subfield>
  </datafield>
  <datafield tag="700" ind1="1" ind2=" ">
    <subfield code="a">Tome, Eustaquio,</subfield>
    <subfield code="e">pr&#xF3;l.</subfield>
    <subfield code="9">16342</subfield>
  </datafield>
  <datafield tag="830" ind1=" " ind2="0">
    <subfield code="a">Biblioteca Artigas.</subfield>
    <subfield code="p">Cl&#xE1;sicos uruguayos ;</subfield>
    <subfield code="v">v. 164.</subfield>
    <subfield code="9">16276</subfield>
  </datafield>
  <datafield tag="910" ind1=" " ind2=" ">
    <subfield code="a">Catalogaci&#xF3;n por copia / LC</subfield>
  </datafield>
  <datafield tag="952" ind1=" " ind2=" ">
    <subfield code="0">0</subfield>
    <subfield code="1">0</subfield>
    <subfield code="5">2</subfield>
    <subfield code="7">0</subfield>
    <subfield code="8">MO</subfield>
    <subfield code="a">GR</subfield>
    <subfield code="b">GR</subfield>
    <subfield code="c">CT</subfield>
    <subfield code="d">2009-08-22</subfield>
    <subfield code="i">LF1</subfield>
    <subfield code="l">0</subfield>
    <subfield code="o">U861.2 Z88l</subfield>
    <subfield code="p">5772-10</subfield>
    <subfield code="r">2020-06-25</subfield>
    <subfield code="w">2020-06-25</subfield>
    <subfield code="y">2</subfield>
    <subfield code="Z">Pr&#xE9;stamo interno</subfield>
  </datafield>
  <datafield tag="999" ind1=" " ind2=" ">
    <subfield code="c">5568</subfield>
    <subfield code="d">5568</subfield>
  </datafield>
</record>
